00658nam a22002172a 450000100060000000300080000600500170001400800410003103500140007204000320008604100080011808200200012610000350014624500680018125000120024926000420026130000250030350400310032850400200035960000610037932962BD-RjUL20211209051926.0140429s1967 pk b 001 0 eng d a(BD-RjUL) aDLCcDLCdEQOdBD-RjULbeng aeng a297.1bJAT 19671 aJalbani, Ghulam Husain,d1914-10aTeachings of Shāh Walīyullāh of Delhi /cby G. N. Jalbani a1st ed. aLahore :bSh. Muhammad Ashraf,c1967. avii, 199 p. ;c22 cm aBibliography: p. [185]-189 aIncludes index.00aWalī Allāh al-Dihlawī,d1702 or 1703-1762 or 1763.